'F' Character Sort Quiz Stats

 Plays Quiz not verified by Sporcle

Score 0/25 Timer 05:00
0 Plays Today
% Correct
The Fellowship of the Ring
90.4%
The Fellowship of the Ring
90.4%
The Fellowship of the Ring
87.8%
The Fellowship of the Ring
85.9%
Fight Club
84.6%
The Fellowship of the Ring
80.8%
Fried Green Tomatoes at the Whistle Stop Café
80.1%
Fathers and Sons
78.8%
Fight Club
75%
The Fountainhead
74.4%
Fathers and Sons
73.1%
Fried Green Tomatoes at the Whistle Stop Café
71.8%
Fathers and Sons
71.8%
% Correct
The Fountainhead
66.7%
Fathers and Sons
66.7%
Fried Green Tomatoes at the Whistle Stop Café
62.2%
Fight Club
61.5%
Fathers and Sons
57.1%
The Fountainhead
52.6%
Fight Club
44.9%
Fried Green Tomatoes at the Whistle Stop Café
44.9%
The Fountainhead
35.3%
Fight Club
24.4%
Fried Green Tomatoes at the Whistle Stop Café
23.1%
The Fountainhead
23.1%

You're not logged in!

Compare scores with friends on all Sporcle quizzes.
OR
Log In

Sporcle TV

Today on Sporcle TV


Watch our educational content, quiz creation guides, and fun videos on Sporcle TV.

Show Comments

Extras

Created Jul 16, 2016ReportNominate
Tags:Clickable Quiz, character, found, sort

Top Quizzes Today


Score Distribution

Your Account Isn't Verified!

In order to create a playlist on Sporcle, you need to verify the email address you used during registration. Go to your Sporcle Settings to finish the process.

Report this User

Report this user for behavior that violates our Community Guidelines.

Details: